South Eastern Kenya University

Library Online Public Access Catalogue


Depth-oriented brief therapy : (Record no. 4738)

MARC details
000 -LEADER
fixed length control field 01078cam a2200277 a 4500
001 - CONTROL NUMBER
control field 1143214
003 - CONTROL NUMBER IDENTIFIER
control field OSt
005 - DATE AND TIME OF LATEST TRANSACTION
control field 20150701091441.0
008 - FIXED-LENGTH DATA ELEMENTS--GENERAL INFORMATION
fixed length control field 950421s1996 caua b 001 0 eng
010 ## - LIBRARY OF CONGRESS CONTROL NUMBER
LC control number 95018735
020 ## - INTERNATIONAL STANDARD BOOK NUMBER
International Standard Book Number 0787901520 (acidfree paper)
040 ## - CATALOGING SOURCE
Original cataloging agency SEKU
050 00 - LIBRARY OF CONGRESS CALL NUMBER
Classification number RC 480.55
Item number .E33
100 1# - MAIN ENTRY--PERSONAL NAME
Personal name Ecker, Bruce.
245 10 - TITLE STATEMENT
Title Depth-oriented brief therapy :
Remainder of title how to be brief when you were trained to be deep--and vice versa /
Statement of responsibility, etc. Bruce Ecker and Laurel Hulley.
260 ## - PUBLICATION, DISTRIBUTION, ETC. (IMPRINT)
Place of publication, distribution, etc. San Francisco :
Name of publisher, distributor, etc. Jossey-Bass Publishers,
Date of publication, distribution, etc. c1996.
300 ## - PHYSICAL DESCRIPTION
Extent 288 p. :
Other physical details ill.
504 ## - BIBLIOGRAPHY, ETC. NOTE
Bibliography, etc Includes bibliographical references (p. 263-268)
650 #0 - SUBJECT ADDED ENTRY--TOPICAL TERM
Topical term or geographic name as entry element Brief psychotherapy.
650 #0 - SUBJECT ADDED ENTRY--TOPICAL TERM
Topical term or geographic name as entry element Psychodynamic psychotherapy.
700 1# - ADDED ENTRY--PERSONAL NAME
Personal name Hulley, Laurel,
Dates associated with a name 1947-
856 42 - ELECTRONIC LOCATION AND ACCESS
Materials specified Contributor biographical information
Uniform Resource Identifier <a href="http://www.loc.gov/catdir/bios/wiley042/95018735.html">http://www.loc.gov/catdir/bios/wiley042/95018735.html</a>
856 42 - ELECTRONIC LOCATION AND ACCESS
Materials specified Publisher description
Uniform Resource Identifier <a href="http://www.loc.gov/catdir/description/wiley034/95018735.html">http://www.loc.gov/catdir/description/wiley034/95018735.html</a>
856 4# - ELECTRONIC LOCATION AND ACCESS
Materials specified Table of Contents
Uniform Resource Identifier <a href="http://www.loc.gov/catdir/toc/onix06/95018735.html">http://www.loc.gov/catdir/toc/onix06/95018735.html</a>
942 ## - ADDED ENTRY ELEMENTS (KOHA)
Source of classification or shelving scheme Library of Congress Classification
Koha item type General circulation
Holdings
Withdrawn status Lost status Source of classification or shelving scheme Damaged status Not for loan Home library Current library Shelving location Date acquired Source of acquisition Cost, normal purchase price Total Checkouts Full call number Barcode Date last seen Cost, replacement price Price effective from Koha item type
    Library of Congress Classification     Main Campus Library Main Campus Library General Stacks 01/07/2015 Donation-Books for Africa 4050.00   RC 480.55 .E33 2015/000649 01/07/2015 4550.00 01/07/2015 General circulation
Kitui, Kenya.
+254736116989
library@seku.ac.ke